| 000 | 00446nam a2200157 i 4500 | ||
|---|---|---|---|
| 001 | 62298 | ||
| 003 | ES-MaACL | ||
| 005 | 20230906164637.0 | ||
| 007 | t| | ||
| 008 | 031119s1975 fr ||||1| fre d | ||
| 100 | 1 |
_aFernández, Dominique. _949354 |
|
| 245 | 1 | 0 |
_aPorporino ou les mystères de Naples / _cDominique Fernández. |
| 260 |
_aParís : _bBernard Grasset, _c[1975] |
||
| 300 |
_a396 p. ; _c23 cm. |
||
| 852 |
_aES-MaACL _jA-5633 _bR.94422 |
||
| 999 |
_c62298 _d62298 |
||